Nonmonotonic reasoning : logical foundations of commonsense
Αποθηκεύτηκε σε:
| Κύριος συγγραφέας: | |
|---|---|
| Μορφή: | Βιβλίο |
| Γλώσσα: | English |
| Δημοσίευση: |
Cambridge ; New York :
Cambridge University Press,
1991.
|
| Σειρά: | Cambridge tracts in theoretical computer science ;
12 |
| Θέματα: | |
| Ετικέτες: |
Προσθήκη ετικέτας
Δεν υπάρχουν, Καταχωρήστε ετικέτα πρώτοι!
|
MARC
| LEADER | 00000cam a2200000 i 4500 | ||
|---|---|---|---|
| 001 | 1/37884 | ||
| 008 | 941103s1991 enk| ||| |||| ||eng|| | ||
| 020 | |a 0521383943 | ||
| 035 | |l 10040628 | ||
| 035 | |a 1993 |c ΠΑΝΑΓΙΩΤΟΠΟΥΛΟΣ | ||
| 040 | |a GR-MyUA |b gre |e AACR2 | ||
| 041 | 0 | |a eng | |
| 082 | 0 | |a 160 |2 (20) | |
| 100 | 1 | |a Brewka, Gerhard. | |
| 245 | 1 | 0 | |a Nonmonotonic reasoning : |b logical foundations of commonsense / |c Gerhard Brewka. |
| 260 | |a Cambridge ; |a New York : |b Cambridge University Press, |c 1991. | ||
| 300 | |a xi, 168 σ. : |b εικ. ; |c 26 εκ. | ||
| 490 | 1 | |a (Cambridge tracts in theoretical computer science |v ; 12) | |
| 504 | |a Βιβ΄λιογραφία: σ. 157-165. Ευρετήριο. | ||
| 650 | 0 | 0 | |a Reasoning. |
| 650 | 0 | 0 | |a Logic. |
| 830 | 0 | |a Cambridge tracts in theoretical computer science ; |v 12 | |
| 852 | |a INST |b SAMOS |e 19941103 |h 160 BRE |p 005300005901 |q 005300005901 |t BK |y 0 | ||
| 852 | |a INST |b SAMOS |e 20000321 |h 160 BRE |p 005300016374 |q 005300016374 |t BK |y 0 | ||
| 901 | |a BIBL3-2000-1 | ||
| 909 | |a Σ |b 029766 | ||
| 909 | |a Σ |b 070896 | ||
| 922 | |a 3ΕΛΗ |b 199911 |c ΤΠΕΣ |d ΠΑΠΑΣΩΤΗΡΙΟΥ | ||
| 970 | |a ΓΕΝΟΥΖΟΥ |b ΧΡΥΣΑΝΘΗ |z 2000/03/21 | ||